[Event "Hull Judit Polgar"]
[Site "Hull CAN"]
[Date "1999.01.04"]
[Round "1"]
[White "Gagnon, Fabien"]
[Black "Arsenault, Michel"]
[Result "1-0"]
[WhiteElo "2081"]
[BlackElo "1878"]
[PlyCount "33"]
[GameId "2160767911805879"]
[EventDate "1999.01.04"]
[EventType "swiss"]
[EventRounds "5"]
[EventCountry "CAN"]
[SourceTitle "EXT 2022"]
[Source "ChessBase"]
[SourceDate "2021.10.06"]
[SourceVersion "1"]
[SourceVersionDate "2021.10.06"]
[SourceQuality "1"]

1. d4 Nf6 2. Nf3 e6 3. e3 b6 4. Nbd2 Bb7 5. Bd3 d5 6. Ne5 Be7 7. f4 O-O 8. Qf3 c5 9. c3 Qc7 10. O-O Nbd7 11. g4 Rfd8 12. g5 Ne8 13. Bxh7+ Kxh7 14. Qh5+ Kg8 15. Qxf7+ Kh7 16. Rf3 Bxg5 17. Rh3+ 1-0

[Event "Hull Judit Polgar"]
[Site "Hull CAN"]
[Date "1999.01.19"]
[Round "1"]
[White "Groleau, Gilles"]
[Black "Charbonneau, Alain"]
[Result "1-0"]
[WhiteElo "1990"]
[BlackElo "1972"]
[PlyCount "51"]
[GameId "2160767911805880"]
[EventDate "1999.01.04"]
[EventType "swiss"]
[EventRounds "5"]
[EventCountry "CAN"]
[SourceTitle "EXT 2022"]
[Source "ChessBase"]
[SourceDate "2021.10.06"]
[SourceVersion "1"]
[SourceVersionDate "2021.10.06"]
[SourceQuality "1"]

1. e4 d6 2. d4 g6 3. Nf3 Bg7 4. Be2 Nf6 5. Nc3 O-O 6. O-O Nbd7 7. e5 dxe5 8. dxe5 Ng4 9. e6 Nde5 10. exf7+ Nxf7 11. Bf4 e5 12. Qxd8 Nxd8 13. Bg3 Bf5 14. h3 e4 15. Nh4 Ne5 16. Rfe1 c6 17. Bf1 Ndf7 18. Nxe4 Be6 19. c3 g5 20. Nxg5 Nxg5 21. Bxe5 Rad8 22. f4 Bxe5 23. Rxe5 Nxh3+ 24. gxh3 Rxf4 25. Ng2 Rf6 26. Rxe6 1-0

[Event "Hull Judit Polgar"]
[Site "Hull CAN"]
[Date "1999.01.19"]
[Round "1"]
[White "Lacourse, Guy"]
[Black "Levesque, Andre"]
[Result "1-0"]
[WhiteElo "1681"]
[BlackElo "1360"]
[PlyCount "47"]
[GameId "2160767911805881"]
[EventDate "1999.01.04"]
[EventType "swiss"]
[EventRounds "5"]
[EventCountry "CAN"]
[SourceTitle "EXT 2022"]
[Source "ChessBase"]
[SourceDate "2021.10.06"]
[SourceVersion "1"]
[SourceVersionDate "2021.10.06"]
[SourceQuality "1"]

1. d4 d5 2. c4 Nf6 3. cxd5 Nxd5 4. e4 Nf6 5. Nc3 e6 6. Nf3 Nc6 7. Bd3 Be7 8. O-O O-O 9. Re1 b6 10. a3 Bb7 11. b4 a6 12. Bb2 Qe8 13. d5 Nd8 14. Qc2 g6 15. dxe6 Nxe6 16. h3 Nf4 17. Bc4 Qc8 18. Qd2 Ne6 19. Nd5 Nxd5 20. exd5 Rd8 21. Qc3 f6 22. d6 Rxd6 23. Rxe6 Rxe6 24. Re1 1-0

[Event "Hull Judit Polgar"]
[Site "Hull CAN"]
[Date "1999.01.19"]
[Round "1"]
[White "Lavergne, Daniel"]
[Black "Thomann, Olivier"]
[Result "0-1"]
[WhiteElo "1401"]
[BlackElo "1791"]
[PlyCount "68"]
[GameId "2160767911805882"]
[EventDate "1999.01.04"]
[EventType "swiss"]
[EventRounds "5"]
[EventCountry "CAN"]
[SourceTitle "EXT 2022"]
[Source "ChessBase"]
[SourceDate "2021.10.06"]
[SourceVersion "1"]
[SourceVersionDate "2021.10.06"]
[SourceQuality "1"]

1. e4 e5 2. Nf3 Nc6 3. Bc4 Bc5 4. c3 Nf6 5. d4 exd4 6. cxd4 Bb4+ 7. Nc3 Nxe4 8. O-O Bxc3 9. d5 Ne7 10. bxc3 O-O 11. Qd4 Nd6 12. Bb3 Ndf5 13. Qd3 d6 14. Bc2 Ng6 15. Bg5 f6 16. Bd2 Ne5 17. Nxe5 fxe5 18. g4 g6 19. gxf5 Bxf5 20. Qe2 Bxc2 21. Bh6 Bf5 22. Bxf8 Qg5+ 23. Kh1 Rxf8 24. Qe3 Qxe3 25. fxe3 Be4+ 26. Kg1 Bxd5 27. Rxf8+ Kxf8 28. Rb1 b6 29. a3 a5 30. Kf2 Ke7 31. Kg3 Be4 32. Rf1 Ke6 33. Rf8 Kd5 34. Rh8 h5 0-1

[Event "Hull Judit Polgar"]
[Site "Hull CAN"]
[Date "1999.01.26"]
[Round "2"]
[White "Groleau, Gilles"]
[Black "Cote, Jacques"]
[Result "0-1"]
[WhiteElo "1990"]
[BlackElo "1992"]
[PlyCount "59"]
[GameId "2160767911805883"]
[EventDate "1999.01.04"]
[EventType "swiss"]
[EventRounds "5"]
[EventCountry "CAN"]
[SourceTitle "EXT 2022"]
[Source "ChessBase"]
[SourceDate "2021.10.06"]
[SourceVersion "1"]
[SourceVersionDate "2021.10.06"]
[SourceQuality "1"]

1. e4 Nc6 2. Nf3 e5 3. Bb5 g6 4. O-O Bg7 5. c3 Nge7 6. d4 a6 7. Ba4 O-O 8. dxe5 Nxe5 9. Nxe5 Bxe5 10. Bh6 Bg7 11. Bxg7 Kxg7 12. Qd4+ f6 13. Nd2 d5 14. Rad1 Bg4 15. f3 Be6 16. Rfe1 Bg8 17. Bb3 Nc6 18. Qc5 Ne5 19. Qe3 c6 20. h3 Re8 21. exd5 cxd5 22. Kh1 Qc7 23. Qd4 Nc6 24. Qc5 Qg3 25. Rxe8 Rxe8 26. Nf1 Re1 27. Rxe1 Qxe1 28. Kg1 Qe2 29. Qf2 Qb5 30. Nd2 0-1

[Event "Hull Judit Polgar"]
[Site "Hull CAN"]
[Date "1999.01.26"]
[Round "2"]
[White "Lavergne, Daniel"]
[Black "Lacourse, Guy"]
[Result "1-0"]
[WhiteElo "1374"]
[BlackElo "1681"]
[PlyCount "51"]
[GameId "2160767911805884"]
[EventDate "1999.01.04"]
[EventType "swiss"]
[EventRounds "5"]
[EventCountry "CAN"]
[SourceTitle "EXT 2022"]
[Source "ChessBase"]
[SourceDate "2021.10.06"]
[SourceVersion "1"]
[SourceVersionDate "2021.10.06"]
[SourceQuality "1"]

1. e4 c5 2. Nf3 Nc6 3. d4 cxd4 4. Nxd4 Nf6 5. Nc3 e5 6. Ndb5 d6 7. Bg5 a6 8. Na3 b5 9. Bxf6 gxf6 10. Nd5 Be6 11. c3 Bg7 12. Be2 O-O 13. O-O Bxd5 14. Qxd5 Ne7 15. Qd2 Qd7 16. Rad1 Rad8 17. Nc2 f5 18. exf5 Qxf5 19. Ne3 Qg6 20. Nd5 Nc6 21. Qe3 f5 22. Qb6 Qe8 23. Qxc6 Qxc6 24. Ne7+ Kf7 25. Nxc6 Rd7 26. Nb4 1-0

[Event "Hull Judit Polgar"]
[Site "Hull CAN"]
[Date "1999.01.26"]
[Round "2"]
[White "Pilon, Robert"]
[Black "Duquette, Patrick"]
[Result "0-1"]
[WhiteElo "1576"]
[BlackElo "1853"]
[PlyCount "78"]
[GameId "2160767911805885"]
[EventDate "1999.01.04"]
[EventType "swiss"]
[EventRounds "5"]
[EventCountry "CAN"]
[SourceTitle "EXT 2022"]
[Source "ChessBase"]
[SourceDate "2021.10.06"]
[SourceVersion "1"]
[SourceVersionDate "2021.10.06"]
[SourceQuality "1"]

1. d4 Nf6 2. c4 g6 3. Nc3 Bg7 4. Nf3 d6 5. e3 O-O 6. Be2 Nbd7 7. O-O e5 8. dxe5 dxe5 9. Qc2 Re8 10. e4 c6 11. Bg5 Qc7 12. b4 Nf8 13. Rfd1 Ne6 14. Bxf6 Bxf6 15. Rd2 Nd4 16. Qd3 Rd8 17. Qe3 Be6 18. Rad1 Qe7 19. c5 a5 20. b5 Qxc5 21. bxc6 bxc6 22. Rb2 Nxe2+ 23. Rxe2 Qxe3 24. Rxd8+ Rxd8 25. Rxe3 Bg7 26. Re2 Rd3 27. Re3 Rxe3 28. fxe3 f6 29. Nd2 Bf8 30. Nb3 Bb4 31. Na4 Bc4 32. Nb2 Bb5 33. a4 Ba6 34. Nc1 Ba3 35. Ncd3 c5 36. Kf2 c4 37. Nxc4 Bxc4 38. Ke2 Bb4 39. g4 h5 0-1

[Event "Hull Judit Polgar"]
[Site "Hull CAN"]
[Date "1999.01.26"]
[Round "2"]
[White "Thomann, Olivier"]
[Black "Fekecs, Andre"]
[Result "1-0"]
[WhiteElo "1791"]
[BlackElo "1515"]
[PlyCount "73"]
[GameId "2160767911805886"]
[EventDate "1999.01.04"]
[EventType "swiss"]
[EventRounds "5"]
[EventCountry "CAN"]
[SourceTitle "EXT 2022"]
[Source "ChessBase"]
[SourceDate "2021.10.06"]
[SourceVersion "1"]
[SourceVersionDate "2021.10.06"]
[SourceQuality "1"]

1. e4 e5 2. Nf3 Nc6 3. Bb5 a6 4. Ba4 Nf6 5. O-O d6 6. Re1 b5 7. Bb3 Be7 8. c3 O-O 9. h3 Na5 10. Bc2 c6 11. d4 Qc7 12. Nbd2 Rb8 13. Nf1 h6 14. Ng3 Be6 15. Nf5 Bxf5 16. exf5 exd4 17. Nxd4 Rfe8 18. Bf4 Nd5 19. Bg3 Bf6 20. Qd3 Rxe1+ 21. Rxe1 Qd7 22. Re4 Nc4 23. b3 Ne5 24. Qd2 c5 25. Nxb5 Rxb5 26. Qxd5 Qc6 27. Qxc6 Nxc6 28. Re8+ Kh7 29. Bxd6 g5 30. fxg6+ fxg6 31. c4 Rb7 32. Be4 Rd7 33. Re6 Nd4 34. Rxf6 Ne2+ 35. Kh2 Nc3 36. Bxg6+ Kg8 37. Bf5 1-0

[Event "Hull Judit Polgar"]
[Site "Hull CAN"]
[Date "1999.01.27"]
[Round "2"]
[White "Laurin, Jacques"]
[Black "Gagnon, Fabien"]
[Result "0-1"]
[WhiteElo "1910"]
[BlackElo "2081"]
[PlyCount "62"]
[GameId "2160767911805887"]
[EventDate "1999.01.04"]
[EventType "swiss"]
[EventRounds "5"]
[EventCountry "CAN"]
[SourceTitle "EXT 2022"]
[Source "ChessBase"]
[SourceDate "2021.10.06"]
[SourceVersion "1"]
[SourceVersionDate "2021.10.06"]
[SourceQuality "1"]

1. c4 e6 2. Nc3 d5 3. cxd5 exd5 4. g3 Nf6 5. Bg2 Be7 6. Nf3 O-O 7. b3 d4 8. Nb5 c5 9. Bb2 Nc6 10. Na3 Re8 11. O-O Bg4 12. Nc4 Bf8 13. h3 Bf5 14. Nh4 Be4 15. f3 Bd5 16. Re1 Nh5 17. Kh2 Nxg3 18. Kxg3 Qg5+ 19. Kh2 Qxh4 20. e3 Re6 21. Rg1 Bxc4 22. bxc4 dxe3 23. Qe1 Qf4+ 24. Qg3 Qxg3+ 25. Kxg3 exd2 26. Rad1 Rd8 27. Kf2 Nb4 28. Bf1 g6 29. f4 Be7 30. Kf3 Nc2 31. Be5 f6 0-1

[Event "Hull Judit Polgar"]
[Site "Hull CAN"]
[Date "1999.01.11"]
[Round "3"]
[White "Gagnon, Fabien"]
[Black "Groleau, Gilles"]
[Result "1/2-1/2"]
[WhiteElo "2081"]
[BlackElo "1990"]
[PlyCount "32"]
[GameId "2160767911805888"]
[EventDate "1999.01.04"]
[EventType "swiss"]
[EventRounds "5"]
[EventCountry "CAN"]
[SourceTitle "EXT 2022"]
[Source "ChessBase"]
[SourceDate "2021.10.06"]
[SourceVersion "1"]
[SourceVersionDate "2021.10.06"]
[SourceQuality "1"]

1. Nf3 Nf6 2. g3 b6 3. Bg2 Bb7 4. O-O e6 5. d3 Be7 6. e4 d6 7. Nbd2 Nbd7 8. Qe2 c5 9. a4 Qc7 10. c3 O-O 11. Re1 Rfd8 12. Nf1 c4 13. dxc4 Nxe4 14. Nd4 Ndf6 15. Nd2 Nxd2 16. Bxd2 Bxg2 1/2-1/2

[Event "Hull Judit Polgar"]
[Site "Hull CAN"]
[Date "1999.02.02"]
[Round "3"]
[White "Cote, Jacques"]
[Black "Charbonneau, Alain"]
[Result "1-0"]
[WhiteElo "1992"]
[BlackElo "1972"]
[PlyCount "65"]
[GameId "2160767911805889"]
[EventDate "1999.01.04"]
[EventType "swiss"]
[EventRounds "5"]
[EventCountry "CAN"]
[SourceTitle "EXT 2022"]
[Source "ChessBase"]
[SourceDate "2021.10.06"]
[SourceVersion "1"]
[SourceVersionDate "2021.10.06"]
[SourceQuality "1"]

1. e4 c5 2. Nf3 Nc6 3. d4 cxd4 4. Nxd4 Nf6 5. Nc3 d6 6. Bg5 e6 7. Qd2 Be7 8. O-O-O O-O 9. f4 a6 10. Bxf6 Bxf6 11. Nxc6 bxc6 12. Qxd6 Qa5 13. e5 Bh4 14. Qxc6 Rb8 15. Rd4 Bb7 16. Ra4 Qd8 17. Qd6 Qe8 18. Bxa6 Bxa6 19. Rxa6 Bf2 20. Rf1 Be3+ 21. Kb1 Qc8 22. Qc6 Qd8 23. Rd1 Qe7 24. Qe4 Qc5 25. Rd3 Rxb2+ 26. Kxb2 Rb8+ 27. Ka1 Bc1 28. Ra8 Bb2+ 29. Kb1 Qg1+ 30. Rd1 Qb6 31. Rxb8+ Qxb8 32. Qb7 Qf8 33. Kxb2 1-0

[Event "Hull Judit Polgar"]
[Site "Hull CAN"]
[Date "1999.02.02"]
[Round "3"]
[White "Duquette, Patrick"]
[Black "Thomann, Olivier"]
[Result "1-0"]
[WhiteElo "1853"]
[BlackElo "1791"]
[PlyCount "33"]
[GameId "2160767911805890"]
[EventDate "1999.01.04"]
[EventType "swiss"]
[EventRounds "5"]
[EventCountry "CAN"]
[SourceTitle "EXT 2022"]
[Source "ChessBase"]
[SourceDate "2021.10.06"]
[SourceVersion "1"]
[SourceVersionDate "2021.10.06"]
[SourceQuality "1"]

1. d4 Nf6 2. Nf3 g6 3. c4 Bg7 4. Nc3 d5 5. cxd5 Nxd5 6. e4 Nxc3 7. bxc3 c5 8. Be3 O-O 9. Be2 cxd4 10. cxd4 Qa5+ 11. Bd2 Qa3 12. O-O Rd8 13. Rc1 Qxa2 14. Bc4 Qa3 15. Rc3 Qd6 16. e5 Qd7 17. Bxf7+ 1-0

[Event "Hull Judit Polgar"]
[Site "Hull CAN"]
[Date "1999.02.02"]
[Round "3"]
[White "Massoulie, Francois"]
[Black "Pilon, Robert"]
[Result "0-1"]
[WhiteElo "1395"]
[BlackElo "1576"]
[PlyCount "52"]
[GameId "2160767911805891"]
[EventDate "1999.01.04"]
[EventType "swiss"]
[EventRounds "5"]
[EventCountry "CAN"]
[SourceTitle "EXT 2022"]
[Source "ChessBase"]
[SourceDate "2021.10.06"]
[SourceVersion "1"]
[SourceVersionDate "2021.10.06"]
[SourceQuality "1"]

1. d4 Nf6 2. Nf3 c5 3. c3 d5 4. Bg5 e6 5. Nbd2 c4 6. g3 Be7 7. Bg2 O-O 8. O-O Nc6 9. Qc2 Bd7 10. e4 h6 11. exd5 exd5 12. Bxf6 Bxf6 13. Rfe1 Be6 14. Rad1 Qc7 15. Nf1 b5 16. b4 a5 17. a3 axb4 18. axb4 Ra4 19. Ra1 Rfa8 20. Rxa4 Rxa4 21. Ne3 Ne7 22. Qb2 Qa7 23. Nc2 Ra2 24. Qb1 Bf5 25. Re2 Qa4 26. Ne5 Bd3 0-1

[Event "Hull Judit Polgar"]
[Site "Hull CAN"]
[Date "1999.02.09"]
[Round "4"]
[White "Charbonneau, Alain"]
[Black "Laurin, Jacques"]
[Result "1-0"]
[WhiteElo "1972"]
[BlackElo "1910"]
[PlyCount "61"]
[GameId "2160767911805892"]
[EventDate "1999.01.04"]
[EventType "swiss"]
[EventRounds "5"]
[EventCountry "CAN"]
[SourceTitle "EXT 2022"]
[Source "ChessBase"]
[SourceDate "2021.10.06"]
[SourceVersion "1"]
[SourceVersionDate "2021.10.06"]
[SourceQuality "1"]

1. Nf3 Nf6 2. d4 g6 3. c4 Bg7 4. Nc3 d5 5. cxd5 Nxd5 6. e4 Nb6 7. h3 O-O 8. Be3 c6 9. Qd2 Re8 10. Rd1 Be6 11. b3 f6 12. Be2 N8d7 13. O-O a5 14. Rfe1 a4 15. d5 cxd5 16. exd5 Bf7 17. Bb5 Rf8 18. Bxd7 Nxd7 19. Nxa4 f5 20. Ng5 b5 21. Nc5 Nxc5 22. Bxc5 Re8 23. Ne6 Bxe6 24. Rxe6 Qd7 25. Rde1 Bf6 26. d6 exd6 27. Qd5 Kg7 28. Bd4 Rxe6 29. Rxe6 Qxe6 30. Qxe6 Bxd4 31. Qd5 1-0

[Event "Hull Judit Polgar"]
[Site "Hull CAN"]
[Date "1999.02.09"]
[Round "4"]
[White "Groleau, Gilles"]
[Black "Arsenault, Michel"]
[Result "1/2-1/2"]
[WhiteElo "1990"]
[BlackElo "1878"]
[PlyCount "102"]
[GameId "2160767911805893"]
[EventDate "1999.01.04"]
[EventType "swiss"]
[EventRounds "5"]
[EventCountry "CAN"]
[SourceTitle "EXT 2022"]
[Source "ChessBase"]
[SourceDate "2021.10.06"]
[SourceVersion "1"]
[SourceVersionDate "2021.10.06"]
[SourceQuality "1"]

1. e4 c5 2. Nf3 e6 3. Be2 Nc6 4. c4 Nge7 5. O-O Nd4 6. Nc3 Nec6 7. d3 d6 8. Be3 Be7 9. Qd2 O-O 10. Ne1 a6 11. f4 b5 12. Bf3 Rb8 13. g4 b4 14. Ne2 Nxf3+ 15. Nxf3 d5 16. Rad1 Bb7 17. Ng3 Qd7 18. Qf2 d4 19. Bd2 Rfe8 20. h4 g6 21. f5 exf5 22. gxf5 Bd6 23. Nh2 Qc7 24. Bf4 Bxf4 25. Qxf4 Qxf4 26. Rxf4 Ne5 27. Nf3 Nxf3+ 28. Rxf3 Re5 29. Rdf1 Rbe8 30. Kh2 R5e7 31. Rf4 Bc8 32. R1f2 Re5 33. Kh3 Kg7 34. Kg2 Kg8 35. Kf1 a5 36. Ke1 a4 37. Kd2 R5e7 38. Rg2 Kh8 39. fxg6 fxg6 40. Rf6 Re6 41. Rgf2 Kg8 42. h5 Rxf6 43. Rxf6 Re6 44. Rf2 Re5 45. hxg6 hxg6 46. Rf6 Re6 47. Rxe6 Bxe6 48. e5 Bf5 49. Nxf5 gxf5 50. Ke2 Kf7 51. Kf3 Ke7 1/2-1/2

[Event "Hull Judit Polgar"]
[Site "Hull CAN"]
[Date "1999.02.09"]
[Round "4"]
[White "Lacourse, Guy"]
[Black "Menard, Marc"]
[Result "0-1"]
[WhiteElo "1681"]
[BlackElo "1482"]
[PlyCount "52"]
[GameId "2160767911805894"]
[EventDate "1999.01.04"]
[EventType "swiss"]
[EventRounds "5"]
[EventCountry "CAN"]
[SourceTitle "EXT 2022"]
[Source "ChessBase"]
[SourceDate "2021.10.06"]
[SourceVersion "1"]
[SourceVersionDate "2021.10.06"]
[SourceQuality "1"]

1. d4 c5 2. d5 Nf6 3. c4 g6 4. Nc3 Bg7 5. e4 d6 6. f3 O-O 7. Be3 e6 8. Qd2 Re8 9. O-O-O Nbd7 10. g4 Ne5 11. g5 Nfd7 12. Bd3 Nxd3+ 13. Qxd3 Ne5 14. Qf1 a6 15. b3 exd5 16. Nxd5 Be6 17. Kb1 Bxd5 18. Rxd5 b5 19. cxb5 axb5 20. Qxb5 Qc7 21. Qe2 Nc6 22. Qg2 Nb4 23. Rd2 Qa5 24. Nh3 Reb8 25. Rc1 Qa3 26. Rcc2 Qxb3+ 0-1

[Event "Hull Judit Polgar"]
[Site "Hull CAN"]
[Date "1999.02.10"]
[Round "4"]
[White "Cote, Jacques"]
[Black "Gagnon, Fabien"]
[Result "1-0"]
[WhiteElo "1992"]
[BlackElo "2081"]
[PlyCount "123"]
[GameId "2160767911805895"]
[EventDate "1999.01.04"]
[EventType "swiss"]
[EventRounds "5"]
[EventCountry "CAN"]
[SourceTitle "EXT 2022"]
[Source "ChessBase"]
[SourceDate "2021.10.06"]
[SourceVersion "1"]
[SourceVersionDate "2021.10.06"]
[SourceQuality "1"]

1. e4 c5 2. Nf3 Nc6 3. d4 cxd4 4. Nxd4 g6 5. c4 Bg7 6. Nc2 Nf6 7. Nc3 O-O 8. Be2 d6 9. f4 Bd7 10. O-O Rc8 11. Be3 b6 12. Rc1 Be6 13. b3 Ng4 14. Bxg4 Bxc3 15. Bxe6 fxe6 16. Qg4 Rf6 17. Rcd1 Qf8 18. Rf3 Bb2 19. Bf2 e5 20. f5 Rc7 21. Bh4 Rf7 22. fxg6 Rxf3 23. gxh7+ Kh8 24. Qxf3 Qxf3 25. gxf3 Nd4 26. Nxd4 Bxd4+ 27. Bf2 Bxf2+ 28. Kxf2 Kxh7 29. Ke3 Kg6 30. Rg1+ Kf7 31. f4 exf4+ 32. Kxf4 b5 33. cxb5 Rc2 34. a4 Rxh2 35. Rc1 Rh4+ 36. Kf5 Rh3 37. Rc7 Rf3+ 38. Kg4 Rxb3 39. Rxa7 Ke6 40. Kf4 Rb4 41. Ke3 d5 42. Ra6+ Ke5 43. exd5 Kxd5 44. Kd3 e5 45. Kc3 Rb1 46. Kc2 Rb4 47. Kc3 Rb1 48. b6 Kc6 49. a5 Rh1 50. Ra7 Rh3+ 51. Kc4 Rh4+ 52. Kc3 Rh3+ 53. Kc2 Rh2+ 54. Kd3 Rh3+ 55. Ke4 Rh4+ 56. Kxe5 Rh5+ 57. Kf6 Rh6+ 58. Kg7 Rh5 59. b7 Rb5 60. a6 Rb1 61. Ra8 Rg1+ 62. Kf6 1-0

[Event "Hull Judit Polgar"]
[Site "Hull CAN"]
[Date "1999.01.31"]
[Round "5"]
[White "Gagnon, Fabien"]
[Black "Charbonneau, Alain"]
[Result "1/2-1/2"]
[WhiteElo "2081"]
[BlackElo "1972"]
[PlyCount "61"]
[GameId "2160767911805896"]
[EventDate "1999.01.04"]
[EventType "swiss"]
[EventRounds "5"]
[EventCountry "CAN"]
[SourceTitle "EXT 2022"]
[Source "ChessBase"]
[SourceDate "2021.10.06"]
[SourceVersion "1"]
[SourceVersionDate "2021.10.06"]
[SourceQuality "1"]

1. Nf3 Nf6 2. d4 d5 3. g3 Bf5 4. Bg2 e6 5. O-O Bd6 6. c4 dxc4 7. Ne5 Be4 8. f3 Bxe5 9. dxe5 Qxd1 10. Rxd1 Bxb1 11. exf6 Bc2 12. fxg7 Rg8 13. Rd4 c3 14. Rb4 Rxg7 15. Rxb7 f5 16. Bf4 cxb2 17. Rxb2 Ba4 18. Rb7 Nc6 19. Rxc7 Rxc7 20. Bxc7 Rc8 21. Bf4 Nd4 22. e3 Ne2+ 23. Kh1 Rc2 24. a3 Nxf4 25. exf4 Bc6 26. Kg1 Rc3 27. a4 a5 28. g4 Rc4 29. gxf5 exf5 30. Re1+ Kf7 31. Re5 1/2-1/2

[Event "Hull Judit Polgar"]
[Site "Hull CAN"]
[Date "1999.02.16"]
[Round "5"]
[White "Poirier, Martin"]
[Black "Lacourse, Guy"]
[Result "0-1"]
[WhiteElo "1387"]
[BlackElo "1681"]
[PlyCount "142"]
[GameId "2160767911805897"]
[EventDate "1999.01.04"]
[EventType "swiss"]
[EventRounds "5"]
[EventCountry "CAN"]
[SourceTitle "EXT 2022"]
[Source "ChessBase"]
[SourceDate "2021.10.06"]
[SourceVersion "1"]
[SourceVersionDate "2021.10.06"]
[SourceQuality "1"]

1. d4 Nf6 2. c4 e6 3. Nc3 d5 4. e3 Nbd7 5. Nf3 c6 6. Bd3 dxc4 7. Bxc4 b5 8. Bb3 a6 9. O-O Bb7 10. Ne2 Qc7 11. Qc2 c5 12. dxc5 Be4 13. Qc3 Ng4 14. Nf4 Bxf3 15. gxf3 Nge5 16. Bd1 Qc6 17. e4 Bxc5 18. Be3 b4 19. Qb3 Bxe3 20. fxe3 O-O 21. Be2 Qb6 22. a3 a5 23. Ng2 Nc5 24. Qc2 a4 25. axb4 Qxb4 26. Rfd1 Nb3 27. Ra3 Rac8 28. Qb1 Nd2 29. Qa2 Ndxf3+ 30. Kh1 Qxe4 31. Rxa4 Qc2 32. b3 Qc6 33. Qa1 Ra8 34. Bd3 Nh4 35. Be4 Rxa4 36. Qxa4 Qxa4 37. bxa4 Nxg2 38. Bxg2 f5 39. a5 Nc4 40. Ra1 e5 41. Kg1 e4 42. Kf2 Ra8 43. a6 Ne5 44. h3 Ra7 45. Kg3 Nd3 46. Ra5 g6 47. Bf1 Kf7 48. Bxd3 exd3 49. Kf2 Ke6 50. Ke1 Kd6 51. Kd2 Kc6 52. Ra3 Kb6 53. Kxd3 Rxa6 54. Rxa6+ Kxa6 55. h4 Kb6 56. e4 Kc5 57. exf5 gxf5 58. Ke3 Kd5 59. Kf4 Ke6 60. Kf3 Ke5 61. Ke3 f4+ 62. Kf3 Kf5 63. Kf2 Kg4 64. Kg2 Kxh4 65. Kf3 Kg5 66. Kf2 Kg4 67. Kg2 f3+ 68. Kf2 Kf4 69. Kf1 Kg3 70. Kg1 f2+ 71. Kf1 h5 0-1

[Event "Interprovincial Match"]
[Site "Halifax CAN"]
[Date "1999.08.14"]
[Round "1"]
[White "Mathers, Jim"]
[Black "MacDonald, Jonathan"]
[Result "1-0"]
[WhiteElo "2082"]
[BlackElo "2065"]
[PlyCount "63"]
[GameId "2160767911742458"]
[EventDate "1999.08.14"]
[EventType "team"]
[EventRounds "5"]
[EventCountry "CAN"]

1. e4 c5 2. Nc3 d6 3. f4 Nc6 4. Nf3 g6 5. Bb5 Bg7 6. Bxc6+ bxc6 7. d3 Rb8 8. O-O Nf6 9. Qe1 O-O 10. Qh4 e6 11. f5 exf5 12. Bg5 h6 13. Bxh6 Bxh6 14. Qxh6 Ng4 15. Qf4 Rxb2 16. exf5 Bxf5 17. h3 Ne5 18. g4 Rxc2 19. gxf5 Nxf3+ 20. Rxf3 Qf6 21. fxg6 Qxf4 22. Rxf4 Rxc3 23. Raf1 f6 24. R1f3 Ra3 25. h4 Kg7 26. h5 Rxa2 27. Re4 f5 28. Re7+ Kg8 29. h6 Rb8 30. Rxf5 Ra4 31. Rg5 Ra2 32. h7+ 1-0

[Event "Interprovincial Match"]
[Site "Halifax CAN"]
[Date "1999.08.14"]
[Round "1"]
[White "Mayo, Alvah"]
[Black "Howarth, Anthony"]
[Result "0-1"]
[WhiteElo "2068"]
[BlackElo "2279"]
[PlyCount "56"]
[GameId "2160767911742459"]
[EventDate "1999.08.14"]
[EventType "team"]
[EventRounds "5"]
[EventCountry "CAN"]

1. d4 g6 2. e4 Bg7 3. Nf3 c5 4. d5 Nf6 5. Nc3 O-O 6. Be2 b5 7. e5 Ng4 8. Bf4 f6 9. exf6 Bxf6 10. Qd2 b4 11. Nd1 Bg7 12. O-O d6 13. h3 Nf6 14. Bh6 e5 15. dxe6 Bxe6 16. Bxg7 Kxg7 17. c4 h6 18. Ne3 Nc6 19. Rfd1 Ne4 20. Qc2 Ng5 21. Nxg5 Qxg5 22. Qe4 Nd4 23. Bg4 Rae8 24. Rxd4 cxd4 25. Qxd4+ Qf6 26. Qxa7+ Re7 27. Qb6 Qxf2+ 28. Kh1 Bxg4 0-1

[Event "Interprovincial Match"]
[Site "Halifax CAN"]
[Date "1999.08.14"]
[Round "1"]
[White "Pentz, Brian"]
[Black "McKim, Fred"]
[Result "0-1"]
[WhiteElo "2016"]
[BlackElo "2109"]
[PlyCount "66"]
[GameId "2160767911742460"]
[EventDate "1999.08.14"]
[EventType "team"]
[EventRounds "5"]
[EventCountry "CAN"]

1. e4 e5 2. Nf3 Nc6 3. c3 Nf6 4. d3 Be7 5. g3 O-O 6. Bg2 d5 7. Qe2 Re8 8. O-O Bg4 9. Nbd2 Qd7 10. Re1 Rad8 11. Nf1 d4 12. c4 h6 13. a3 a5 14. b3 Nh7 15. N1d2 f5 16. exf5 Qxf5 17. Qe4 Nf6 18. Qxf5 Bxf5 19. Bf1 Bc5 20. Bb2 e4 21. dxe4 Nxe4 22. Nxe4 Bxe4 23. Nd2 Bg6 24. Bg2 Ne5 25. Bd5+ Kh8 26. Nf3 Rxd5 27. Nh4 Bh7 28. cxd5 g5 29. f4 gxf4 30. gxf4 Rg8+ 31. Kh1 Nd3 32. Re2 Be4+ 33. Rxe4 Nf2# 0-1

[Event "Interprovincial Match"]
[Site "Halifax CAN"]
[Date "1999.08.14"]
[Round "1"]
[White "Teichmann, Erik"]
[Black "Bowes, Richard"]
[Result "1-0"]
[WhiteElo "2368"]
[BlackElo "2018"]
[PlyCount "39"]
[GameId "2160767911742461"]
[EventDate "1999.08.14"]
[EventType "team"]
[EventRounds "5"]
[EventCountry "CAN"]

1. f4 d5 2. Nf3 Nf6 3. e3 c5 4. b3 Nc6 5. Bb2 Bg4 6. Bb5 e6 7. Bxc6+ bxc6 8. d3 Be7 9. Nbd2 Qc7 10. O-O O-O 11. Qe1 Bxf3 12. Nxf3 Rfe8 13. Qg3 Rf8 14. Ne5 Ne8 15. Qh3 Bd6 16. Rae1 Rc8 17. e4 Bxe5 18. Bxe5 Qd7 19. f5 Kh8 20. fxe6 1-0

[Event "Interprovincial Match"]
[Site "Halifax CAN"]
[Date "1999.08.14"]
[Round "1"]
[White "Urquhart, Eddie"]
[Black "Gulati, Justin"]
[Result "1-0"]
[WhiteElo "2198"]
[BlackElo "2045"]
[PlyCount "87"]
[GameId "2160767911742462"]
[EventDate "1999.08.14"]
[EventType "team"]
[EventRounds "5"]
[EventCountry "CAN"]

1. c4 g6 2. Nc3 Bg7 3. g3 d6 4. Bg2 e5 5. e3 Nc6 6. Nge2 Be6 7. b3 Qd7 8. h3 Nge7 9. Bb2 O-O 10. d3 d5 11. a3 Rad8 12. Qc2 f5 13. O-O-O d4 14. exd4 Nxd4 15. Nxd4 exd4 16. Ne2 c5 17. Kb1 b5 18. Nf4 Bf7 19. h4 Rb8 20. Ka2 a5 21. Rb1 Qa7 22. Nd5 Nxd5 23. cxd5 Rfd8 24. Rhe1 Rbc8 25. Re2 a4 26. bxa4 b4 27. Rbe1 Bf6 28. Re6 Bxe6 29. Rxe6 Bg7 30. d6 Rb8 31. Bd5 Kh8 32. Bb3 Qb6 33. d7 Qc7 34. Qe2 Qxd7 35. axb4 Rxb4 36. Re7 Qd6 37. Ba3 Rxb3 38. Kxb3 Qd5+ 39. Kb2 Rb8+ 40. Kc1 Qh1+ 41. Kd2 Qc6 42. Rxg7 Qd5 43. Qe7 Qa2+ 44. Kd1 1-0